Plante à Fleur - Vocabulaire - Statistiques

Statistiques générales
  • Ce quiz a été pris 24 fois
  • Le résultat moyen est 24 sur 70
Statistiques - réponses
Hint Réponse % Correct
Tige rampante qui pousse à la surface du sol et produit de nouvelles plantes à ses nœuds Stolon
69%
Terme qualifiant une plante dont le cycle de vie ne dure qu'un an. Annuelle
62%
Ensemble des sépales. Calice
62%
Extrémité de l'organe reproducteur masculin de la fleur où le pollen est produit et enfermé. Anthère
54%
Terme qualifiant une plante dont le cycle de vie ne dure que deux ans. Bisannuelle
54%
Feuille modifiée située à la base d'un pédoncule ou d'une inflorescence Bractée
54%
Fruit charnu à noyau. Drupe
54%
Prolongement en forme d'aiguille de la partie ligneuse de la plante. Épine
54%
Sortes de petites feuilles qui constituent une feuille composée. Folioles
54%
Pièce foliaire reliant le limbe de la feuille à la tige. Pétiole
54%
Terme qualifiant une racine principale relativement droite qui s'enfonce dans le sol. Pivotante
54%
Ensemble de feuilles étalées en cercle à la base de la plante. Rosette
54%
Éléments foliacés situés à la base de la fleur qui soutient les pétales. Sépales
54%
Extrémité de l'organe reproducteur féminin de la fleur où les grains de pollen sont capturées. Stigmate
54%
Terme qualifiant des feuilles poussant sur la tige, au même niveau en cercle. Verticillée
54%
Mode de pollinisation où le pollen est transporté par des animaux. Zoogamie
54%
Mode de pollinisation où le pollen est transporté par le vent. Anémogamie
46%
Fruit charnu à pépins. Baie
46%
Ensemble des pétales. Corolle
46%
Feuille primordiale constitutive de la graine. Cotylédon
46%
Terme qualifiant un fruit qui s'ouvre spontanément à la maturité. Déhiscent
46%
Unité de l'appareil reproducteur mâle de la fleur. Étamine
46%
Fruit de forme allongée s'ouvrant en deux fentes isolant deux valves portant une rangée de graines chacune. Gousse
46%
Terme qualifiant une plante qui apprécie l'exposition au soleil. Héliophile
46%
Mode de pollinisation où le pollen est transporté par l'eau. Hydrogamie
46%
Terme qualifiant un fruit qui ne s'ouvre pas spontanément à la maturité. Indéhiscent
46%
Terme qualifiant une plante germant d'une graine ne présentant initialement qu'une seule feuille primordiale. Monocotylédones
46%
Terme qualifiant une plante germant d'une graine présentant initialement deux feuilles primordiales. Dicotylédones
38%
Élément fin de l'étamine qui porte les anthères. Filet
38%
Organisme possédant des organes sexuels mâles et femelles en même temps. Hermaphrodite
38%
Terme qualifiant un individu qui porte des organes reproducteurs des deux sexes. Monoïque
38%
Pièce florale en forme de tige qui porte les fleurs puis les fruits. Pédoncule
38%
Terme qualifiant un organe de la plante attaché à même la tige, sans pièce intermédiaire. Sessile
38%
Organe tubulaire reliant l'ovaire au stigmate. Style
38%
Terme qualifiant une plante pouvant vivre plus de deux ans. Vivace
38%
Mode de pollinisation où les gamètes proviennent du même individu. Autogamie
31%
Enveloppe protectrice enfermant les ovules de la fleur. Carpelle
31%
Terme qualifiant un individu qui ne porte des organes reproducteurs que d'un seul sexe. Dioïque
31%
Mode de pollinisation où le pollen est transporté par des insectes. Entomogamie
31%
Inflorescence simple, semblable à une grappe, dont les fleurs sont sessiles. Épi
31%
Assemblage de fleurs ou de fruits portés par des pédoncules sur un axe commun. Grappe
31%
Terme qualifiant une plante tendre, grêle ne produisant pas de bois. Herbacée
31%
Terme qualifiant une plante dont le principal matériau de structure est le bois. Ligneuse
31%
Ensemble de petites fleurs groupées en coupole ou en sphère. Ombelle
31%
Appendice inséré à la base du pétiole (au nombre de deux). Stipule
31%
Terme qualifiant les racines latérales qui se développent horizontalement. Traçantes
31%
Production en forme de pique de l'épiderme de la plante. Aiguillon
23%
Fruit sec indéhiscent contenant une graine unique. Akène
23%
Mode de pollinisation où les gamètes proviennent de deux individus différents. Allogamie
23%
Inflorescence ressemblant à une fleur unique composée de nombreuses petites fleurs serrées. Capitule
23%
Fruit sec déhiscent renfermant entièrement les graines. Capsule
23%
Inflorescence simple dont les fleurs forment un dôme et sont fixées alternativement sur la tige. Corymbe
23%
Petits fruits charnus individuels qui s'assemblent pour former un fruit composé. Drupéoles
23%
Fruit de forme allongée s'ouvrant sur deux valves séparées par une fausse cloison centrale sur laquelle sont attachées les graines. Silique
23%
Organe de fixation de certaines plantes grimpantes, qui s'enroule en hélice. Vrille
23%
Racine, radicelles, poussant directement sur la tige. Adventive
15%
Terme qualifiant une feuille poussant sur la tige. Caulinaire
15%
Inflorescence cylindrique formé d'un axe portant des fleurs unisexuées. Chaton
15%
Excroissance ou gonflement de la tige permettant à la plante d'être fixée au substrat. Crampon
15%
Petite tige portant les fleurs dans une inflorescence, rattachée au pédoncule. Pédicelle
15%
Ensemble protectrice des organes reproducteurs de la plante, constitué des sépales et des pétales. Périanthe
15%
Inflorescence dont l'axe principal se termine par une fleur. Cyme
8%
Terme qualifiant des organes de la plante disposés en touffes ou en faisceau. Fasciculée
8%
Fruit sec déhiscent formé par un carpelle unique. Follicule
8%
Ensemble des bractées. Involucre
8%
Terme qualifiant une plante qui apprécie les environnements ombragés. Sciaphile
8%
Inflorescence enveloppée d'une grande bractée. Spadice
8%
Terme qualifiant une tige qui ne peut s'élever qu'en s'enroulant autour d'un support. Volubile
8%
Terme qualifiant une plante dont les bourgeons de renouvellement se trouvent sous la surface du sol. Cryptophyte
0%
Terme qualifiant une plante dont les bourgeons de renouvellement se trouvent au ras du sol. Hémicryptophyte
0%
Aucun quiz correspondant
Distribution des résultats
% des personnes avec chaque résultat
Percentile par nombre de réponses
Votre historique - résultats
Vous n’avez pas pris ce quiz